000
00326nam a2200157Ia 4500
100
_a
knight/ S.A
650
_a
Electrical Engineering
490
_v
II
942
_c
RB
654
_a
Electronics
245
_a
Electronics
260
_b
Buttersworth
_a
London
_c
1981
082
_a
621.3
300
_a
112
546
_a
ENGLISH
999
_c
21602
_d
21602